000 00744cam a2200253 4500
001 ABS61774
008 000000n2000 000 0 eng u
035 _a(Sirsi) u104034
245 _aRegional survey: Kent
260 _c2000
490 _aProperty Week
_v65(3) 21 January 2000, 36-48(7)
590 _aABS
650 _aKENT
650 _aBLUEWATER
650 _aBROMLEY
650 _aTHANET
650 _aBUSINESS PARKS
650 _aPROPERTY-COMMERCIAL PROPERTY-OFFICE PROPERTY-OFFICE PROPERTY MARKET
650 _aCHATHAM
650 _aPROPERTY-COMMERCIAL PROPERTY-RETAIL PROPERTY-RETAIL PROPERTY MARKET
650 _aINDUSTRIAL MARKET
690 _aPROPERTY-COMMERCIAL PROPERTY-COMMERCIAL PROPERTY MARKET
942 _n0
999 _c62437
_d62437